Derecho internacional público moderno / (Record no. 160623)

MARC details
000 -LEADER
campo de control de longitud fija 00983nam a22002415i 4500
001 - NÚMERO DE CONTROL
campo de control 160623
003 - IDENTIFICADOR DE NÚMERO DE CONTROL
campo de control ES-MaACL
005 - FECHA Y HORA DE LA ÚLTIMA TRANSACCIÓN
campo de control 20251204063026.0
008 - DATOS DE LONGITUD FIJA--INFORMACIÓN GENERAL
campo de control de longitud fija 950421s1893 sp |||| | spa d
040 ## - FUENTE DE CATALOGACIÓN
Centro catalogador/agencia de origen AS
Centro/agencia transcriptor CCPB | SIC
Lengua de catalogación spa
080 #4 - NÚMERO DE LA CLASIFICACIÓN DECIMAL UNIVERSAL
Número de la Clasificación Decimal Universal 341
100 1# - ENTRADA PRINCIPAL--NOMBRE DE PERSONA
Nombre de persona Neumann, Leopold,
Fechas asociadas al nombre n.1811
9 (RLIN) 130448
245 10 - MENCIÓN DEL TÍTULO
Título Derecho internacional público moderno /
Mención de responsabilidad, etc. obra escrita en alemán por Leopoldo de Neumann ; traducción, prólogo y notas por Aniceto Sela.
260 ## - PUBLICACIÓN, DISTRIBUCIÓN, ETC.
Lugar de publicación, distribución, etc. Madrid :
Nombre del editor, distribuidor, etc. La España Moderna,
Fecha de publicación, distribución, etc. [s.a.]
300 ## - DESCRIPCIÓN FÍSICA
Extensión 320 p. ;
Dimensiones 22 cm.
490 1# - MENCIÓN DE SERIE
Mención de serie Biblioteca de jurisprudencia, filosofía é historia
596 #1 - NOTA AL PIE DE IMPRENTA
NOTA AL PIE DE IMPRENTA Fecha tomada de C. Suárez T. VII, 194: 1893.
700 01 - ENTRADA AGREGADA--NOMBRE PERSONAL
Nombre de persona Sela, Aniceto (
Fechas asociadas al nombre 1863-1935) (
-- n.1863),
Término indicativo de función/relación
9 (RLIN) 188306
830 00 - PUNTO DE ACCESO ADICIONAL DE SERIE-TÍTULO UNIFORME
Título uniforme Biblioteca de jurisprudencia, filosofía e historia
9 (RLIN) 180691
852 ## - LOCALIZACIÓN
Ubicación ES-MaACL
Número de control de estantería B-12430
Nota libre -- Enc. pasta española
Encuadernación -- Edic.: añadir T260 (Agustin Avrial)
Holdings
Estatus retirado Estado de pérdida Estado de daño No para préstamo Biblioteca de origen Biblioteca actual Ubicación en estantería Fecha de adquisición Fuente de adquisición Total de préstamos Signatura topográfica completa Código de barras Visto por última vez Precio de reemplazo Tipo de ítem Koha
        Biblioteca del Ateneo de Madrid Biblioteca del Ateneo de Madrid Sala Pardo Bazán 17/01/2008     B-12430 1168184 23/02/2023 23/02/2023 Libro impreso